Nova arquitectura municipal : una selecció de trenta projectes d'equipaments i espais lliures promoguts pel Servei de Cooperació Municipal de la Diputació de Barcelona per a petits i mitjans municipis una selecció de trenta projectes d'equipaments i espais lliures promoguts pel Servei de Cooperació Municipal de la Diputació de Barcelona per a petits i mitjans municipis
Descripción Física:
85 p. : il. ; 30 x 42 cm
MARC
| LEADER | 00000nam a2200000Ia 4500 | ||
|---|---|---|---|
| 001 | 9143 | ||
| 008 | 160829s1990 xx 000 0 cat d | ||
| 080 | |a FOL-1-137 | ||
| 245 | |a Nova arquitectura municipal : |b una selecció de trenta projectes d'equipaments i espais lliures promoguts pel Servei de Cooperació Municipal de la Diputació de Barcelona per a petits i mitjans municipis | ||
| 260 | |a Barcelona : |b A30, Edicions d'Arquitectura, |c 1990 | ||
| 300 | |a 85 p. : |b il. ; |c 30 x 42 cm | ||
| 650 | |a Arquitectura civil |x Barcelona (Província) |9 21947 | ||
| 710 | 1 | |a Barcelona (Catalunya : Província). |b Servei de Cooperació Municipal |9 54958 | |
| 901 | |a Arxiu | ||
| 942 | |n 1 | ||
| 952 | |0 0 |1 0 |4 0 |6 FOL1137 |7 1 |9 41956 |a Arxiu |b Arxiu |d 2016-12-01 |l 0 |o FOL-1-137 |p 9143 |r 2016-12-01 00:00:00 |w 2016-12-01 |y ARXIU | ||
| 999 | |c 44403 |d 44403 | ||